In tribute to Suzanne E. Chapman /
محفوظ في:
مؤلفون آخرون:
التنسيق: كتاب
اللغة: English
الموضوعات:
الوسوم: إضافة وسم
لا توجد وسوم, كن أول من يضع وسما على هذه التسجيلة!
رقم الطلب: ( P )NC139 .C5 I6 1970
| LEADER | 01194namaa2200265 4500 | ||
|---|---|---|---|
| 001 | 18043 | ||
| 003 | OSt | ||
| 005 | 20201118071821.0 | ||
| 008 | 130303s1970 mauaf g 000 0beng d | ||
| 952 | |0 0 |1 0 |2 lcc |4 0 |7 1 |9 7722 |a ARCE |b ARCE |d 2020-11-18 |l 0 |o ( P )NC139 .C5 I6 1970 |p 1017960 |r 2020-11-18 00:00:00 |w 2020-11-18 |y BK | ||
| 999 | |c 15834 |d 15834 | ||
| 040 | |c ARCE Library | ||
| 050 | 0 | 4 | |a ( P )NC139 .C5 I6 1970 |
| 245 | 0 | 0 | |a In tribute to Suzanne E. Chapman / |c [Walter Muir Whitehill]. |
| 264 | 1 | |a Boston : |b [Walter Muir Whitehill], |c 1970. | |
| 300 | |a [11] pages, [27] pages of plates : |b illustrations ; |c 28 cm. | ||
| 336 | |a text |b txt |2 rdacontent | ||
| 337 | |a unmediated |b n |2 rdamedia | ||
| 338 | |a volume |b nc |2 rdacarrier | ||
| 500 | |a "The drawing on the cover is an adaptation of an Egyptian tomb carving to represent the staff of the Egyptian Department of the Museum of Fine Arts paying their respects to Dows Dunham ... "--T.p. verso. | ||
| 600 | 1 | 0 | |a Chapman, Suzanne E., |d 1903-1990. |
| 610 | 2 | 0 | |a Museum of Fine Arts, Boston. |b Department of Ancient Egyptian, Nubian, and Ancient Near Eastern Art |
| 700 | 1 | |a Whitehill, Walter Muir, |d 1905-1978. |9 42133 | |
| 901 | |a reviewed | ||
| 942 | |c BK |2 lcc | ||
